Basic science. Revised edition (Record no. 32021)

MARC details
000 -LEADER
fixed length control field 00288nam a2200109Ia 4500
082 ## - DEWEY DECIMAL CLASSIFICATION NUMBER
Classification number 005
Item number BAS
245 #0 - TITLE STATEMENT
Title Basic science. Revised edition
260 ## - PUBLICATION, DISTRIBUTION, ETC. (IMPRINT)
Place of publication London
Name of publisher FEP
505 ## - FORMATTED CONTENTS NOTE
Formatted contents note Small books in cover box (kept in DO's room)
942 ## - ADDED ENTRY ELEMENTS (KOHA)
Koha item type Books
Holdings
Withdrawn status Lost status Damaged status Not for loan Home library Current library Date acquired Cost, normal purchase price Full call number Accession Number Koha item type
        RRII Library RRII Library 16/12/2021 50.00 005 BAS 12547 Books